000 00595nam a2200193 a 4500
001 000039280
005 20240306164224.0
008 130621s1976 sp 000 0 spa d
020 _a8432218728
040 _aDO-SdBNP
_bspa
_cBNPHU
100 1 _aVargas Llosa, Mario,
_d1936-
_912567
245 1 3 _aLa casa verde /
_cMario Vargas Llosa.
250 _a15a ed.
260 _aBarcelona :
_bSeix Barral,
_c1976.
300 _a430 p. ;
_c21 cm.
490 1 _aBiblioteca formentor
500 _aIncluye datos biográficos del autor en la solapa de la cubierta
830 0 _aBiblioteca formentor
_965475
999 _c38770
_d38770